000 00419pab a2200169 454500
008 180718b2003 xxu||||| |||| 00| 0 eng d
100 _aJayashree
245 _aImprovement in female life expectancy: trends and implications
260 _c2003
300 _ap.1-18.
362 _aDec
650 _aLife expectancy
650 _aRight to life
650 _aWomen
773 _aMan and Development
909 _a59089
999 _c59089
_d59089